|
|
|
|
| LEADER |
02105nam a2200541 i 4500 |
| 001 |
nkc20152757327 |
| 003 |
CZ PrNK |
| 005 |
20171212152528.0 |
| 007 |
ta |
| 008 |
151207s2015 xr acfhe f 000 0ccze |
| 015 |
|
|
|a cnb002757327
|
| 020 |
|
|
|a 978-80-87624-30-2
|q (brožováno)
|
| 035 |
|
|
|a (OCoLC)939572464
|
| 040 |
|
|
|a BOA001
|b cze
|d ABA001
|e rda
|
| 043 |
|
|
|a e-xr---
|b e-xr-us
|2 czenas
|
| 045 |
|
|
|a x4x4
|
| 072 |
|
7 |
|a 343.8
|x Vězeňství
|2 Konspekt
|9 18
|
| 080 |
|
|
|a 314.151.1(=112.2)
|2 MRF
|
| 080 |
|
|
|a 343.819
|2 MRF
|
| 080 |
|
|
|a (=162.3):(=112.2)
|2 MRF
|
| 080 |
|
|
|a 94(437.315)
|2 MRF
|
| 080 |
|
|
|a (0:82-96)
|2 MRF
|
| 100 |
1 |
|
|a Roček, František,
|d 1955-
|7 xx0059683
|4 aut
|
| 245 |
1 |
0 |
|a Ústecké lágry :
|b ("archeologie předvčerejška") /
|c František Roček
|
| 250 |
|
|
|a Vydání první
|
| 264 |
|
1 |
|a Ústí nad Labem :
|b AOS Publishing,
|c 2015
|
| 300 |
|
|
|a 253 stran, 52 nečíslovaných stran obrazových příloh :
|b ilustrace, portréty, faksimile ;
|c 21 cm
|
| 336 |
|
|
|a text
|b txt
|2 rdacontent
|
| 337 |
|
|
|a bez média
|b n
|2 rdamedia
|
| 338 |
|
|
|a svazek
|b nc
|2 rdacarrier
|
| 504 |
|
|
|a Obsahuje bibliografické odkazy
|
| 648 |
|
7 |
|a 1945-1948
|7 ch460655
|2 czenas
|
| 650 |
0 |
7 |
|a odsun Němců
|7 ph809856
|y 1945-1948
|2 czenas
|
| 650 |
0 |
7 |
|a internační tábory
|7 ph121151
|z Československo
|y 1945-1948
|2 czenas
|
| 650 |
0 |
7 |
|a Češi a Němci
|7 ph135237
|2 czenas
|
| 650 |
0 |
9 |
|a displacement of Germans
|y 1945-1948
|2 eczenas
|
| 650 |
0 |
9 |
|a internation camps
|z Czechoslovakia
|y 1945-1948
|2 eczenas
|
| 650 |
0 |
9 |
|a Czechs and Germans
|2 eczenas
|
| 651 |
|
7 |
|a Ústí nad Labem (Česko)
|7 ge131764
|x dějiny
|y 1945-1948
|2 czenas
|
| 651 |
|
9 |
|a Ústí nad Labem (Czechia)
|x history
|y 1945-1948
|2 eczenas
|
| 655 |
|
7 |
|a literatura faktu
|7 fd132773
|2 czenas
|
| 655 |
|
9 |
|a non-fiction
|2 eczenas
|
| 910 |
2 |
|
|a BOA001
|b 2-1356.778
|
| 990 |
|
|
|a BK
|
| 995 |
|
|
|a 01
|
| 991 |
|
|
|b 201601
|c NOV
|
| 996 |
6 |
|
|b 2610652858
|c 2-1356.778
|l MZK
|r Sklad / do 1 hodiny
|n 0
|p p.v.
|w 001535598
|u 000010
|a 1
|e BOA001
|j MZK50
|s P
|
| 996 |
7 |
|
|b 2610654713
|c 2-1356.778
|l MZK
|r Sklad / do 1 hodiny
|n 3
|p kup
|w 001535598
|u 000020
|a 1
|e BOA001
|j MZK50
|s A
|